Statistics for It's also a band name

Click here to take the quiz!

General Stats

  • This quiz has been taken 581 times
  • The average score is 8 of 13

Answer Stats

Hint Answer % Correct
The part of a bird that enables it to flyWings
91%
A female monarchQueen
89%
A small fertile area in a desertOasis
84%
VenomPoison
81%
The first book of the bibleGenesis
78%
Stage of sleep that is characterized by dreamingR.E.M.
71%
Buddhist afterlifeNirvana
67%
Human shaped torture device filled with spikesIron Maiden
51%
A Hershey's candyKiss
48%
A poisonous, desert dwelling arachnid (plural)Scorpions
48%
In Greek Mythology, there are nine of themMuse
36%
The deepest part of the oceanMarianas Trench
19%
Agitated or distressedDisturbed
9%

Score Distribution

Percentile by Number Answered

Percent of People with Each Score

Your Score History

You have not taken this quiz